Vainqueur de la coupe de France Handball - Statistiques

Statistiques générales
  • Ce quiz a été pris 59 fois
    51 depuis la dernière actualisation
  • Le résultat moyen est 30 sur 48
Statistiques - réponses
Hint Réponse % Correct
2020 Edition annulée
100%
2014 PSG Handball
98%
2015 PSG Handball
98%
2018 PSG Handball
98%
2021 PSG Handball
98%
2022 PSG Handball
98%
2017 HBC Nantes
91%
2023 HBC Nantes
91%
2024 HBC Nantes
91%
1999 Montpellier Handball
84%
2000 Montpellier Handball
84%
2001 Montpellier Handball
84%
2002 Montpellier Handball
84%
2003 Montpellier Handball
84%
2005 Montpellier Handball
84%
2006 Montpellier Handball
84%
2008 Montpellier Handball
84%
2009 Montpellier Handball
84%
2010 Montpellier Handball
84%
2012 Montpellier Handball
84%
2013 Montpellier Handball
84%
2016 Montpellier Handball
84%
2025 Montpellier Handball
84%
1998 Fenix Toulouse Handball
64%
1979 Paris UC
64%
2011 Dunkerque HBGL
61%
2019 Chambéry Handball
59%
1977 US Ivry
52%
1982 US Ivry
52%
1996 US Ivry
52%
1983 USAM Nîmes
50%
1984 USAM Nîmes
50%
1985 USAM Nîmes
50%
1986 USAM Nîmes
50%
1994 USAM Nîmes
50%
1993 OM Vitrolles
43%
1995 OM Vitrolles
43%
1990 Girondins de Bordeaux HBC
39%
1989 US Créteil
39%
1997 US Créteil
39%
1976 SMUC Marseille
32%
1980 RC Strasbourg
27%
1978 Stella Sports Saint-Maur
14%
1991 Vénissieux Handball
14%
1992 Vénissieux Handball
14%
1987 USM Gagny
11%
1981 ESM Gonfreville
2%
2007 PSG Handball
0%
Aucun quiz correspondant
Distribution des résultats
% des personnes avec chaque résultat
Percentile par nombre de réponses
Votre historique - résultats
Vous n’avez pas pris ce quiz depuis la dernière actualisation